000 00583nam a2200181Ia 4500
008 090123s9999 xx 000 0 und d
082 _b24691
_a891.463/बिनीवा
100 _aबिनीवाले अविनाश
245 _aबोमदीला
250 _a1
260 _bकॉन्टिनेंटल प्रकाशन
300 _a150
600 _aबिनीवाले अविनाश
630 _aबोमदीला
700 _aबिनीवाले अविनाश
730 _aबोमदीला
942 _cBOOK
999 _c62762
_d62762